Statistics for Letra de Balada Boa

Click here to take the quiz!

General Stats

  • This quiz has been taken 4 times
  • The average score is 48 of 59

Answer Stats

SugestãoResposta% Correct
____, ____, ____Tchê
100%
____ tcherere ____ ____Tchê
100%
Tcherere ____ ____Tchê
100%
____, ____, ____Tchê
100%
____ tcherere ____ ____Tchê
100%
Tcherere ____ ____Tchê
100%
Tcherere ____ ____Tchê
100%
____ tcherere ____ ____Tchê
100%
Tcherere ____ ____Tchê
100%
Tcherere ____ ____Tchê
100%
____, ____, ____Tchê
100%
____ tcherere ____ ____Tchê
100%
Tcherere ____ ____Tchê
100%
Tcherere ____ ____Tchê
100%
____, ____, ____Tchê
100%
Tcherere ____ ____Tchê
100%
Gusttavo Lima e ____ (x2)Você
100%
Gusttavo Lima e ____ (x2)Você
100%
Gusttavo Lima e ____ (x2)Você
100%
Gusttavo Lima e ____ (x2)Você
100%
Dançar, pular ___ o sol raiarAté
75%
Dançar, pular ___ o sol raiarAté
75%
Dançar, pular ___ o sol raiarAté
75%
Dançar, pular ___ o sol raiarAté
75%
Quero ______ com você na madrugadaCurtir
75%
Quero ______ com você na madrugadaCurtir
75%
Quero ______ com você na madrugadaCurtir
75%
Quero ______ com você na madrugadaCurtir
75%
Quero ______ com você na madrugadaCurtir
75%
Quero ______ com você na madrugadaCurtir
75%
Quero ______ com você na madrugadaCurtir
75%
Quero ______ com você na madrugadaCurtir
75%
E ______ namorar, curtiçãoDepois
75%
E ______ namorar, curtiçãoDepois
75%
Menina ____ a _______, entre e faça a festaFica, vontade
75%
____, me liga, mais tarde tem baladaGata
75%
____, me liga, mais tarde tem baladaGata
75%
____, me liga, mais tarde tem baladaGata
75%
____, me liga, mais tarde tem baladaGata
75%
____, me liga, mais tarde tem baladaGata
75%
____, me liga, mais tarde tem baladaGata
75%
____, me liga, mais tarde tem baladaGata
75%
____, me liga, mais tarde tem baladaGata
75%
Dançar, pular que ____ vai rolarHoje
75%
Que ____ vai rolar...Hoje
75%
Dançar, pular que ____ vai rolarHoje
75%
Que ____ vai rolar...Hoje
75%
Dançar, pular que ____ vai rolarHoje
75%
Dançar, pular que ____ vai rolarHoje
75%
Se você me _____ vou querer te _____Olhar, pegar
75%
Se você me _____ vou querer te _____Olhar, pegar
75%
____________Tchereretchê
75%
____________Tchereretchê
75%
____________Tchereretchê
75%
____________Tchereretchê
75%
Tem ________ ____ até de madrugadaGusttavo Lima
50%
Eu já _____ o meu carro, regulei o ___Lavei, som
50%
Me ____ mais tarde, vou adorar, _____ nessaLiga, vamos
50%
Já tá ____ preparado, ___ que o brega é bomTudo, vem
50%

Score Distribution

Percentile by Number Answered

Percent of People with Each Score

Your Score History

You have not taken this quiz